Statistics for Top 10 Aircraft Companies (Manufacturers)

Click here to take the quiz!

General Stats

  • This quiz has been taken 104 times
  • The average score is 3 of 10

Answer Stats

Annual revenueCompanies% Correct
$ 101BBoeing
98%
$ 75.1BAirbus
95%
$ 53.8BLockheed Martin
38%
$ 15BRolls Royce
11%
$ 30.1BNorthrop Grumman
10%
$ 14.4BLeonard
7%
$ 30.6BGeneral electric
4%
$ 27.1BRaytheon
4%
$ 25.2BSafran
3%
$ 36.03BUnited technologies
2%

Score Distribution

Percentile by Number Answered

Percent of People with Each Score

Your Score History

You have not taken this quiz